Wszystkie Albumy, minialbumy i Albumy koncertowe sanah w minutę - Statystyki

Ogólne statystyki
  • Ten quiz został rozwiązany 9 razy
  • Średni wynik to 5 z 13
Statystyki odpowiedzi
Hint Odpowiedź % Poprawnych
2020 Królowa Dram
100%
2021 Irenka
83%
2022 Uczta
67%
2024 Kaprysy
50%
2020 Bujda
33%
2025 Dwoje Ludzieńków
33%
2022 Sanah śpiewa Poezyje
33%
2023 Bankiet u sanah
17%
2019 Ja na imię niewidzialna mam
17%
2024 Pianinkowe Kaprysy
17%
2024 Can you love me who i am?
0%
2024 Can you love me who i am? Part 2
0%
2021 Invisible EP
0%
Nie znaleziono quizów pasujących do podanych kryteriów
Rozkład punktacji
Procent ludzi z każdym wynikiem
Percentyl według liczby udzielonych odpowiedzi
Twoja historia wyników
Nie rozwiązałeś tego quizu